Normal view
MARC view
- الأطفال بطيئي التعلم-طرق التدريس
Entry Topical Term
001 - CONTROL NUMBER
- control field: 30377
003 - CONTROL NUMBER IDENTIFIER
- control field: JO-AjAnu
005 - DATE AND TIME OF LATEST TRANSACTION
- control field: 20230606075127.0
008 - FIXED-LENGTH DATA ELEMENTS
- fixed length control field: 230606|| aca||aabn | a|a d
040 ## - CATALOGING SOURCE
- Original cataloging agency: JO-AjAnu
- Transcribing agency: JO-AjAnu
150 ## - HEADING--TOPICAL TERM
- Topical term or geographic name entry element: الأطفال بطيئي التعلم-طرق التدريس
670 ## - SOURCE DATA FOUND
- Source citation: Work cat.: (JO-AjAnu)15601: الدعدع،عزة مختار مؤلفة/أبو مغلي،سمير عبد الله م.مشارك, author 30376, تعلم الطفل بطيئ التعلم